000 00653nam a2200241Ia 4500
003 OSt
005 20220925215308.0
006 a|||||r|||| 00| 0
007 ta
008 220923b |||||||| |||| 00| 0 eng d
020 _a0 435 34030 1
037 _cGeneral Book
040 _aRTL
_cRTL
_beng
041 _2eng
_aeng
082 _aU43.654.N7, L6
100 _aAjaegbu H I
_9137224
245 0 _aUrban and rural development in Nigeria
260 _aLondon
_bHeinemann U. K.
_c1976
300 _a112p
_ccm.
650 _aUrban Geography
942 _hU43.654.N7, L6
_cGB
_2CC
999 _c568397
_d568397